000 00776nam a2200217 4500
001 122430
003 ES-MaACL
005 20230906191957.0
007 t|
008 070214s1950 sp r ||||1| spa d
100 1 _aPuche, Pablo.
_994118
245 1 1 _a[Tetralogía 1951] /
_cPablo Puche.
260 _aBarcelona :
_bMelpomene,
_c1950.
300 _a156 p. :
_bil ;
_c21 cm.
505 8 _aContiene: Los encadenados, la tragedia de los esclavos. La bacante, escorzo nº 1. Las Erinnias. Cristo libertador, la tragedia del Dios-Hombre.
740 0 _aLos encadenados, la tragedia de los esclavos.
740 0 _aLa bacante, escorzo nº 1.
740 0 _aLas Erinnias.
740 0 _aCristo libertador, la tragedia del Dios-Hombre.
852 _aES-MaACL
_jD-5245
_bR.31113
999 _c122430
_d122430